000 00595nam a2200193Ia 4500
008 230125s9999 xx 000 0 und d
020 _a0333 93599 3
041 _aeng
082 _a330
_bKAL/MYT
100 _aKalirajan K P
_9107014
245 _aAccelerating growth through globalization of Indian agriculture
260 _c2001
_bMacmillan publication
_aDelhi
300 _a374p
500 _aGlobalization,Indian agriculture
500 _aAgricultural Economics;Economics
650 _aEconomics
_9107015
700 _aKalirajan K P; Mythili G & Sankar U
_9107016
999 _c84346
_d84346